К проблеме создания режущей части инструментов из композиционных материалов; Актуальные проблемы современного машиностроения

Бібліографічні деталі
Parent link:Актуальные проблемы современного машиностроения.— 2014.— [С. 317-319 ]
Автор: Петрушин С. И. Сергей Иванович
Співавтор: Национальный исследовательский Томский политехнический университет (ТПУ) Юргинский технологический институт (филиал) (ЮТИ) Кафедра технологии машиностроения (ТМС)
Інші автори: Грубый С. В., Лагунов С. Е.
Резюме:Заглавие с титульного экрана
Мова:Російська
Опубліковано: 2014
Серія:Материаловедение, механика и обработка металлов в машиностроении
Предмети:
Онлайн доступ:http://earchive.tpu.ru/handle/11683/18988
Формат: Електронний ресурс Частина з книги
KOHA link:https://koha.lib.tpu.ru/cgi-bin/koha/opac-detail.pl?biblionumber=610806

MARC

LEADER 00000naa2a2200000 4500
001 610806
005 20260430132759.0
035 |a (RuTPU)RU\TPU\conf\8439 
035 |a RU\TPU\conf\8437 
090 |a 610806 
100 |a 20150205d2014 k y0rusy50 ca 
101 0 |a rus 
102 |a RU 
135 |a drcn ---uucaa 
181 0 |a i  
182 0 |a b 
200 1 |a К проблеме создания режущей части инструментов из композиционных материалов  |f С. И. Петрушин, С. В. Грубый, С. Е. Лагунов 
203 |a Текст  |c электронный 
225 1 |a Материаловедение, механика и обработка металлов в машиностроении 
300 |a Заглавие с титульного экрана 
320 |a [Библиогр.: с. 319 (4 назв.)] 
337 |a Adobe Reader 
463 0 |0 (RuTPU)RU\TPU\conf\7793  |t Актуальные проблемы современного машиностроения  |o сборник трудов Международной научно-практической конференции, г. Юрга, 11-12 декабря 2014 г.  |f Национальный исследовательский Томский политехнический университет (ТПУ), Юргинский технологический институт (ЮТИ) ; ред. кол. Д. В. Валуев [и др.]  |v [С. 317-319 ]  |d 2014 
610 1 |a труды учёных ТПУ 
610 1 |a электронный ресурс 
610 1 |a композиционные материалы 
610 1 |a режущие инструменты 
610 1 |a проектирование 
610 1 |a остаточные напряжения 
610 1 |a трещиностойкость 
700 1 |a Петрушин  |b С. И.  |c специалист в области машиностроения  |c профессор Томского политехнического университета, доктор технических наук  |f 1949-  |g Сергей Иванович  |3 (RuTPU)RU\TPU\pers\24235 
701 1 |a Грубый  |b С. В. 
701 1 |a Лагунов  |b С. Е. 
712 0 2 |a Национальный исследовательский Томский политехнический университет (ТПУ)  |b Юргинский технологический институт (филиал) (ЮТИ)  |b Кафедра технологии машиностроения (ТМС)  |3 (RuTPU)RU\TPU\col\18902 
801 2 |a RU  |b 63413507  |c 20221122  |g RCR 
856 4 |u http://earchive.tpu.ru/handle/11683/18988 
942 |c BK